000 01237nam0a22003131 4500
001 rc\4462518
005 20260407100614.0
021 _aRU
_b[66-1217]
035 _a(NLR Aleph) 008592037
090 _a8649812
_c8649812
100 _a20130416d1965 |||y0rusy50 ca
101 0 _arus
102 _aRU
105 _aa z |||||
200 1 _aПутеводитель
_e(Дооктябрьский период)
_fМ-во культуры УССР. Киевский гос. ист. музей
210 _aКиев
_cРеклама
_d1965
215 _a60 с.
_cил.
_d21х10
300 _aСост. разделов: Т. Мовша, О. Ганина, С. Килиевич и др.
606 _aИсторические музеи
_yКиев
_jПутеводители
_2psbo
607 _aУкраинская ССР
_xИстория
_xМузейно-выставочная экспозиция
_2psbo
702 1 _aГанина
_bО.
_4220
702 1 _aКилиевич
_bС.
_4220
702 1 _aМовша
_bТ.
_4220
710 0 2 _aИсторический музей УССР
_cКиев
_9610227
_3RU\NLR\AUTH\8810054851
801 0 _aRU
_bNLR
_gpsbo
801 1 _aRU
_bELAR
_2rusmarc
852 _aNLR
_j66-6/564
942 _cBOOK
980 _aNB